Code Geass Characters - Statistics

General Stats
  • This quiz has been taken 287 times
    193 since last reset
  • The average score is 16 of 51
Answer Stats
Answer % Correct
Ashford Academy/ Student Council Lelouch vi Britannia
98%
Suzaku Kururugi
83%
Kallen Statdfeld/Kouzuki
74%
Britannian Royal Family Charles zi Britannia
72%
Villetta Nu
72%
Chinese Federation Li Xingke
68%
C.C
65%
Nunnally vi Britannia
64%
Shirley Fenette
64%
Euphemia li Britannia
62%
Cornelia li Britannia
51%
Nina Einstein
51%
Milly Ashford
50%
Rolo Lamperouge
50%
Schneizel el Britannia
50%
Clovis la Britannia
49%
Marianne vi Britannia
48%
V.V
43%
The Black Knights Kaname Ohgi
38%
Rivalz Cardemonde
38%
Anya Almstreim
32%
Other Britannians Jeremiah Gottwald
31%
Lloyd Asplund
26%
Gino Weinberg
25%
Odysseus eu Britannia
23%
Mao
21%
Kyoshiro Tohdoh
20%
Shinchiro Tamaki
19%
Diethard Reid
18%
Kaguya Sumeragi
18%
Knights of the Round Bismarck Waldstein
17%
Rakshata Chawla
16%
Guinevere su Britannia
14%
Genbu Kururugi
13%
Shogo Asahina
13%
Cecilé Croomy
12%
Sayoko Shinozaki
12%
Gilbert Guillford
11%
Four Holy Swords Nagisa Chiba
11%
Luciano Bradley
10%
Empress Tianzi
8%
Kosetsu Urabe
7%
Ryoga Senba
7%
Andreas Darlton
6%
Bartley Asprius
5%
Kewell Soresi
3%
Taizou Kirihara
2%
Kanon Maldini
1%
Other Japanese Katase Tatewaki
1%
Atsushi Sawasaki
0%
Josui Kusakabe
0%
No matching quizzes found
Score Distribution
Percent of People with Each Score
Percentile by Number Answered
Your Score History
You have not taken this quiz since the last reset